<?xml version="1.0" encoding="UTF-8"?>
<record
    xmlns:xsi="http://www.w3.org/2001/XMLSchema-instance"
    xsi:schemaLocation="http://www.loc.gov/MARC21/slim http://www.loc.gov/standards/marcxml/schema/MARC21slim.xsd"
    xmlns="http://www.loc.gov/MARC21/slim">

  <leader>01780nmm a22003374i 4500</leader>
  <controlfield tag="001">35186</controlfield>
  <controlfield tag="003">DO-SdISF</controlfield>
  <controlfield tag="005">20250506133632.0</controlfield>
  <controlfield tag="007">ta</controlfield>
  <controlfield tag="008">240529s2025    dr ||||fo||d| 00| 0 spa d</controlfield>
  <datafield tag="040" ind1=" " ind2=" ">
    <subfield code="a">DO-SdISF</subfield>
    <subfield code="b">spa</subfield>
    <subfield code="e">rda</subfield>
  </datafield>
  <datafield tag="100" ind1="1" ind2=" ">
    <subfield code="a">Torres G&#xF3;mez, Edward Jos&#xE9;</subfield>
    <subfield code="e">autor</subfield>
    <subfield code="9">34131</subfield>
  </datafield>
  <datafield tag="245" ind1="1" ind2="0">
    <subfield code="a">Estilos de vida saludables de los estudiantes del nivel secundario de 14 a 17 a&#xF1;os, pertenecientes en el distrito educativo 09-03, a&#xF1;o escolar 2023-2024 /</subfield>
    <subfield code="c">sustentada por: Edward Jos&#xE9; Torres G&#xF3;mez ; asesor: Luis Miguel Pacheco Ferreira</subfield>
  </datafield>
  <datafield tag="264" ind1=" " ind2="1">
    <subfield code="a">Santiago de los Caballeros :</subfield>
    <subfield code="b">ISFODOSU,</subfield>
    <subfield code="c">2025</subfield>
  </datafield>
  <datafield tag="300" ind1=" " ind2=" ">
    <subfield code="a">1 recurso en l&#xED;nea (97 p&#xE1;ginas) : </subfield>
    <subfield code="b">ilustraciones</subfield>
  </datafield>
  <datafield tag="336" ind1=" " ind2=" ">
    <subfield code="2">rdacontent</subfield>
    <subfield code="a">texto</subfield>
    <subfield code="b">txt</subfield>
  </datafield>
  <datafield tag="337" ind1=" " ind2=" ">
    <subfield code="a">Computadora</subfield>
    <subfield code="b">c</subfield>
    <subfield code="2">rdamedia</subfield>
  </datafield>
  <datafield tag="338" ind1=" " ind2=" ">
    <subfield code="a">recurso en l&#xED;nea</subfield>
    <subfield code="b">cr</subfield>
    <subfield code="2">rdacarrier</subfield>
  </datafield>
  <datafield tag="347" ind1=" " ind2=" ">
    <subfield code="2">rda</subfield>
    <subfield code="a">archivo de texto</subfield>
    <subfield code="b">PDF</subfield>
  </datafield>
  <datafield tag="502" ind1=" " ind2=" ">
    <subfield code="a">Tesis para optar por el t&#xED;tulo de Maestr&#xED;a en Educaci&#xF3;n F&#xED;sica Integral - Instituto Superior de Formaci&#xF3;n Docente Salom&#xE9; Ure&#xF1;a - ISFODOSU, Recinto LNNM, 2025.</subfield>
  </datafield>
  <datafield tag="504" ind1=" " ind2=" ">
    <subfield code="a">Referencias bibliogr&#xE1;ficas en p&#xE1;gina 57.</subfield>
  </datafield>
  <datafield tag="505" ind1="2" ind2=" ">
    <subfield code="a">Introducci&#xF3;n -- Marco te&#xF3;rico -- La metodolog&#xED;a -- Resultados -- Discusi&#xF3;n de los resultados -- Conclusiones -- Recomendaciones -- Anexos.</subfield>
  </datafield>
  <datafield tag="610" ind1="2" ind2="4">
    <subfield code="a">Instituto Superior de Formaci&#xF3;n Docente Salom&#xE9; Ure&#xF1;a</subfield>
    <subfield code="v">Tesis</subfield>
    <subfield code="2">armarc</subfield>
    <subfield code="9">20677</subfield>
  </datafield>
  <datafield tag="650" ind1="1" ind2="4">
    <subfield code="a">Salud escolar</subfield>
    <subfield code="9">9464</subfield>
  </datafield>
  <datafield tag="650" ind1="1" ind2="7">
    <subfield code="a">Estilos de vida</subfield>
    <subfield code="9">20982</subfield>
  </datafield>
  <datafield tag="650" ind1="1" ind2="7">
    <subfield code="a">Educaci&#xF3;n secundaria</subfield>
    <subfield code="x">Estudiantes</subfield>
    <subfield code="2">armarc</subfield>
    <subfield code="z">Rep&#xFA;blica Dominicana</subfield>
    <subfield code="9">25658</subfield>
  </datafield>
  <datafield tag="650" ind1="1" ind2="7">
    <subfield code="a">Estilos de vida</subfield>
    <subfield code="9">20982</subfield>
  </datafield>
  <datafield tag="700" ind1="1" ind2=" ">
    <subfield code="a">Pacheco Ferreira, Luis Miguel</subfield>
    <subfield code="9">31269</subfield>
    <subfield code="e">asesor</subfield>
  </datafield>
  <datafield tag="856" ind1=" " ind2=" ">
    <subfield code="y">Clic para ver Texto Completo</subfield>
    <subfield code="u">https://biblioteca.isfodosu.edu.do/cgi-bin/koha/opac-retrieve-file.pl?id=ff36f840bc7cbecd03ac61aae370f21d</subfield>
  </datafield>
  <datafield tag="942" ind1=" " ind2=" ">
    <subfield code="2">LOC</subfield>
    <subfield code="c">TESIS</subfield>
  </datafield>
  <datafield tag="999" ind1=" " ind2=" ">
    <subfield code="c">13426</subfield>
    <subfield code="d">13426</subfield>
  </datafield>
</record>
